000 00826nam a2200217 a 4500
003 0
005 20250227093149.0
008 100827s19uu xx 00 eng d
050 _aPGS QA 76.9.C66
_b.T136 2010
100 _aTakeda, Takuya.
245 _aUse of computer and writing skills of grade school students /
_cTakuya Takeda.
260 _aLas PiƱas City, Philippines :
_bSouthville International School and Colleges,
_c2010.
300 _a23 pages :
_billustrations ;
_c28 cm.
504 _aIncludes bibliographical references.
650 _aWriting skills
_vElementary students.
650 _aComputerss
_vInfluence on students.
650 _aEducational technology
_vImpact on learning.
650 _aComputer-assisted writing
_vEffectiveness.
650 _aDigital literacy
_vChildren.
942 _2lcc
_cPASS
999 _c98368
_d98368